|
|
|
|
| LEADER |
00000nab a2200000 a 4500 |
| 001 |
vtls001522677 |
| 003 |
SK-MaSNL |
| 005 |
20260304133644.0 |
| 008 |
250505c2004 xo fr|n|||||||000 b|slo |
| 015 |
|
|
|a SNBRB2005/04
|2 snkbucl
|
| 035 |
|
|
|a (uuid)a28cbfb2-cbb2-4211-a275-58f5d99ab7c8
|
| 035 |
|
|
|a urn:nbn:sk:snk-abf4h3
|
| 035 |
|
|
|a (urnnbn)urn:nbn:sk:snk:ar-a09onp
|
| 038 |
|
|
|a SNKBUCL
|
| 040 |
|
|
|a SNKBUCL
|b slo
|c SNKBUCL
|e AACR2
|
| 041 |
0 |
|
|a slo
|
| 044 |
|
|
|a xo
|c SK
|
| 080 |
|
|
|a 338.48:339.923(4-773)
|2 1997
|
| 080 |
|
|
|a 339.923(4-773)
|2 1997
|
| 100 |
1 |
|
|a Gúčik, Marian,
|d 1945-
|4 aut
|9 198205
|
| 245 |
1 |
0 |
|a Cestovný ruch v nových členských štátoch Európskej únie
|c Marian Gúčik
|
| 610 |
2 |
7 |
|a Európska únia
|2 snkbucl
|9 29861
|
| 650 |
0 |
7 |
|a cestovný ruch
|2 snkbucl
|9 999
|
| 773 |
0 |
|
|t Ekonomika a spoločnosť = Journal of Economics and Social Research
|g Roč. 5, č. 2 (2004), s. 188-190
|x 1335-7069
|
| 850 |
|
|
|a Slovenská národná knižnica
|
| 852 |
|
|
|a Slovenská národná knižnica
|
| 954 |
|
|
|a odborná, vedecká literatúra pôvodná (slovenská)
|2 lita
|
| 958 |
|
|
|a article27
|
| 958 |
|
|
|a OND
|
| 958 |
|
|
|a EUIPO
|
| 999 |
|
|
|c 2902939
|d 2904869
|